|
|
|
|
| LEADER |
00836nam a22001817a 4500 |
| 020 |
|
|
|a 81-7012-937-0
|
| 074 |
|
|
|a 7972
|
| 082 |
|
|
|a 330 GOP.2'10
|
| 100 |
|
|
|a Gopalakrishnan,K.C
|9 984
|
| 245 |
|
|
|a Legal Economics
|b : Interactional Dimensions of Economics and Law
|
| 260 |
|
|
|a Lucknow
|b Eastern Book Company
|c 2010
|
| 300 |
|
|
|a xxv,580p.
|
| 500 |
|
|
|a Includes index
|
| 653 |
|
|
|a Legal Economics
|
| 999 |
|
|
|c 5997
|d 5997
|
| 952 |
|
|
|0 0
|1 0
|2 ddc
|4 0
|6 330_000000000000000_GOP10
|7 1
|8 REF
|9 7601
|a NUALS
|b NUALS
|c REF
|d 2011-12-13
|l 0
|o 330 GOP'10
|p 7970
|r 2015-12-17
|w 2011-12-13
|y REF
|
| 952 |
|
|
|0 0
|1 0
|2 udc
|4 0
|6 330_GOP110
|7 0
|9 7602
|a NUALS
|b NUALS
|d 2011-12-13
|l 1
|o 330 GOP.1'10
|p 7971
|r 2015-08-21
|s 2015-08-03
|t 1
|w 2011-12-13
|y BK
|
| 952 |
|
|
|0 0
|1 0
|2 ddc
|4 0
|6 330_000000000000000_GOP102
|7 0
|9 7603
|a NUALS
|b NUALS
|c GEN
|d 2011-12-13
|l 2
|o 330 GOP'10;2
|p 7972
|r 2017-07-19
|s 2017-07-14
|y BK
|